The Guy Who Didn't Like Musical-ALL LYRICS - Statistics

General Stats
  • This quiz has been taken 12 times
  • The average score is 269 of 415
Answer Stats
% Correct
I
100%
i
100%
the
100%
did
90%
guy
90%
he
90%
like
90%
musicals
90%
a
80%
didn't
80%
(didn't
80%
paul
80%
paul!
80%
pual
80%
we
80%
who
80%
em
70%
em)
70%
his
70%
in
70%
kill
70%
sing
70%
sing)
70%
to
70%
us
70%
an
60%
and
60%
day
60%
ever
60%
field
60%
fuck
60%
grinch
60%
hatchet
60%
him?
60%
is
60%
it
60%
name
60%
named
60%
no
60%
not
60%
of
60%
should
60%
singing
60%
spends
60%
story
60%
they
60%
tiny
60%
town
60%
where
60%
you
60%
all
50%
awful
50%
cute
50%
doesn't
50%
don't
50%
go
50%
here
50%
he's
50%
it's
50%
just
50%
last
50%
lived
50%
mean
50%
oh,
50%
right
50%
shit
50%
tell
50%
told
50%
web
50%
we're
50%
what
50%
with
50%
yeah
50%
yeah?
50%
after
40%
astronomical
40%
barista
40%
be
40%
better
40%
bold
40%
chronical
40%
clue
40%
comin'
40%
comin'?
40%
damn
40%
end
40%
(end
40%
entrance
40%
everything
40%
evoke
40%
fucking
40%
gonna
40%
greatest
40%
have
40%
hero
40%
if
40%
(if
40%
impossible
40%
join
40%
learn
40%
means
40%
must
40%
obey,
40%
ooh
40%
our
40%
paul's
40%
philosophical
40%
piece
40%
pines
40%
reason
40%
remaining
40%
sense
40%
show
40%
show-stopping
40%
so
40%
song
40%
star
40%
stories
40%
that
40%
through
40%
title
40%
tonight
40%
upon
40%
viral
40%
what's
40%
who's
40%
won't
40%
wont
40%
word?
40%
world
40%
world)
40%
wrong
40%
apotheosis
30%
ass!
30%
at
30%
bitch!
30%
but
30%
come
30%
cuck!
30%
definitely
30%
destined
30%
enter
30%
essence
30%
fiesta
30%
for
30%
globalize
30%
has
30%
headlining
30%
isn't
30%
leading
30%
love
30%
man
30%
now
30%
now!
30%
searching
30%
season
30%
some
30%
swear
30%
swoon
30%
teach
30%
this
30%
time
30%
will
30%
words
30%
worth
30%
YAY!
30%
lil'
10%
brigde
0%
danicng
0%
na-na-na-na-na-na-na
0%
No matching quizzes found
Score Distribution
Percent of People with Each Score
Percentile by Number Answered
Your Score History
You have not taken this quiz